[Event "TCh-ISL 2009-10"]
[Site "Rekjavik ISL"]
[Date "2010.03.05"]
[Round "5"]
[White "Steindorsson,S"]
[Black "Ulfarsson,M"]
[Result "1/2-1/2"]
[WhiteElo "2216"]
[BlackElo "2380"]

1.c4 Nf6 2.Nc3 c5 3.Nf3 b6 4.g3 Bb7 5.Bg2 e6 6.O-O Be7 7.b3 d6 8.e3 O-O 9.Bb2 a6
10.d4 cxd4 11.exd4 d5 12.Ne5 Ra7 13.Qe2 dxc4 14.Bxb7 Rxb7 15.bxc4 Rc7 16.Rfd1 Qc8
17.Rac1 Nbd7 18.d5 Nxe5 19.Qxe5 Rxc4 20.Na4 b5 21.Rxc4 Qxc4 22.Nb6 Qg4 23.Rc1 Bd8
24.h3 Qg6 25.dxe6 Bxb6 26.e7 Re8 27.Rc6 Ba7 28.Rxa6 Bb8 29.Qxb5 Qb1+ 30.Kh2 Bxg3+
31.fxg3 Qc2+ 32.Kg1 Qb1+ 33.Kh2 Qc2+ 34.Kg1 Qb1+ 35.Kh2  1/2-1/2

[Event "26th ChessOrg Schachfestival"]
[Site "Bad Woerishofen GER"]
[Date "2010.03.08"]
[Round "3"]
[White "Espig,L"]
[Black "Waldschmidt,G"]
[Result "1/2-1/2"]
[WhiteElo "2380"]
[BlackElo "2227"]

1.Nf3 c5 2.c4 Nf6 3.Nc3 e6 4.g3 d5 5.cxd5 exd5 6.d4 Nc6 7.Bg2 Be7 8.O-O O-O
9.b3 Ne4 10.Bb2 Bf6 11.Na4 Re8 12.dxc5 Bxb2 13.Nxb2 Nc3 14.Qd2 Nxe2+ 15.Kh1 Qf6
16.Rae1 Bg4 17.Rxe2 Bxf3 18.Rxe8+ Rxe8 19.Re1 Rxe1+ 20.Qxe1 h5 21.Nd3 h4
22.Nf4 Bxg2+ 23.Kxg2 Qf5 24.Qe8+ Kh7 25.Qe2 Ne5 26.Qh5+ Qxh5 27.Nxh5 hxg3
28.hxg3 Nd3 29.Nf4 Nxc5 30.Nxd5 Nd3 31.Kf3 Kg6 32.Ke3 Ne5 33.Ke4 Nc6 34.b4 Kg5
35.b5 f5+ 36.Ke3 Nd8 37.Kd4 Kg4 38.Ne3+ Kf3 39.Nxf5 Kxf2 40.Nxg7 Kxg3 41.Ke5 Kf3
42.Kd6 Ke4 43.a4 Kd4 44.Kc7 Kc4 45.Kb8 Kb4 46.Kxa7 Kxa4  1/2-1/2

[Event "11th EICC Women"]
[Site "Rijeka CRO"]
[Date "2010.03.11"]
[Round "6"]
[White "Peng Zhaoqin"]
[Black "Kostiuk,T"]
[Result "1-0"]
[WhiteElo "2401"]
[BlackElo "2294"]

1.Nf3 Nf6 2.c4 c5 3.Nc3 d5 4.cxd5 Nxd5 5.d4 cxd4 6.Qxd4 Nxc3 7.Qxc3 Nc6 8.e4 e6
9.a3 Bd7 10.Be2 Rc8 11.O-O Na5 12.Qd3 Ba4 13.Qxd8+ Rxd8 14.Be3 Nc6 15.Rfc1 a6
16.Bb6 Rd7 17.b3 Bb5 18.Bxb5 axb5 19.Bc5 Rd3 20.Rab1 Be7 21.Kf1 Rd7 22.b4 O-O
23.Bxe7 Nxe7 24.Rc5 Ra8 25.Rxb5 Rxa3 26.Ne5 Rc7 27.Rc5 Rc3 28.Rd1 h6 29.Rxc3 Rxc3
30.Rd8+ Kh7 31.Rd7 Nc6 32.Nxf7 b5 33.f3 Nxb4 34.Nd8 Rc1+ 35.Kf2 Rc2+ 36.Kg3 e5
37.Ne6 Rc6 38.Rxg7+ Kh8 39.Re7 Nd3 40.Kg4 b4 41.Kf5 b3 42.g3 Rb6 43.Kg6 Rb8
44.Nc7 b2 45.Nd5 Rg8+ 46.Kxh6 Rg7 47.Rxg7 b1=Q 48.Nf6 Qc1+ 49.f4  1-0

[Event "26th ChessOrg Schachfestival"]
[Site "Bad Woerishofen GER"]
[Date "2010.03.13"]
[Round "8"]
[White "Fenske,W"]
[Black "Bretscher,R"]
[Result "1-0"]
[WhiteElo "1947"]
[BlackElo "1690"]

1.Nf3 Nf6 2.c4 e6 3.Nc3 c5 4.g3 Nc6 5.Bg2 Be7 6.O-O O-O 7.e4 Qc7 8.d3 e5
9.b3 d6 10.Ne1 Bg4 11.f3 Bh5 12.Nc2 Qd8 13.Ne3 Nd4 14.Nf5 Bg6 15.Nxe7+ Qxe7
16.Bg5 Qe6 17.f4 Bh5 18.f5 Bxd1 19.fxe6 Bc2 20.e7 Rfe8 21.Bxf6 gxf6 22.Nd5 Bxd3
23.Rxf6 Kg7 24.Rxd6  1-0

[Event "11th EICC Women"]
[Site "Rijeka CRO"]
[Date "2010.03.15"]
[Round "9"]
[White "Galojan,L"]
[Black "Danielian,E"]
[Result "1-0"]
[WhiteElo "2380"]
[BlackElo "2487"]

1.Nf3 Nf6 2.c4 g6 3.Nc3 c5 4.d4 cxd4 5.Nxd4 Bg7 6.g3 O-O 7.Bg2 Nc6 8.O-O Nxd4
9.Qxd4 d6 10.Qd3 Qa5 11.Nb5 a6 12.Bd2 Qd8 13.Nc3 Rb8 14.Rac1 Bf5 15.e4 Be6
16.b3 Ng4 17.Qe2 Ne5 18.Rfd1 b5 19.cxb5 axb5 20.Nd5 Bd7 21.Bg5 f6 22.Be3 b4
23.Rd2 Ng4 24.Rd4 Nxe3 25.Qxe3 e5 26.Rxb4 Rxb4 27.Nxb4 Qa5 28.Nd5 Qxa2 29.Bf1 Kh8
30.Qb6 f5 31.Qxd6 fxe4 32.Qxd7 Qxf2+ 33.Kh1 Bh6 34.Qe6 Bg7 35.Qg4 Qb2 36.Rc8 Qd4
37.Rxf8+ Bxf8 38.Bc4 Bc5 39.Qc8+ Kg7 40.Qd7+ Kh6 41.Qh3+ Kg7 42.Qf1 e3 43.Qf6+ Kh6
44.Qh4+ Qxh4 45.gxh4 Kh5 46.b4 Bd6 47.b5 Kxh4 48.Kg2 Kg5 49.Nxe3 Kf4 50.Nd5+ Ke4
51.Nf6+ Kd4 52.Be2 h6 53.Bf3 Bc7 54.Bc6 Bd6 55.Ne4 Bc7 56.Kf3 Bd8 57.Nd6 Bc7
58.Ne4 Bd8 59.Be8 Kc4 60.Ng3 h5 61.Ke4 h4 62.Nf1 h3 63.Ne3+ Kc5 64.Ng4 Bc7
65.Nxe5 g5 66.Bc6 Kb4 67.Kf5 Kc5 68.Nf3 Bf4 69.Kg4 Kd6 70.Kxh3 Ke7 71.Kg4 Kf6
72.b6 Bb8 73.h3  1-0

[Event "Six Seasons GM"]
[Site "Dhaka BAN"]
[Date "2010.03.16"]
[Round "1"]
[White "Roy Chowdhury,S"]
[Black "Praveen Kumar,C1"]
[Result "1/2-1/2"]
[WhiteElo "2429"]
[BlackElo "2405"]

1.Nf3 e6 2.c4 Nf6 3.Nc3 c5 4.g3 b6 5.Bg2 Bb7 6.O-O Be7 7.d4 cxd4 8.Qxd4 d6
9.b3 O-O 10.Rd1 Qc8 11.Bb2 Rd8 12.Rac1 Nc6 13.Qf4 Qb8 14.e4 Ne5 15.Nd4 Ned7
16.Qe3 a6 17.h3 Re8 18.Rc2 Bf8 19.Re2 Qc7 20.Kh1 Rac8 21.g4 g6 22.f4 e5 23.Nf3 Nc5
24.fxe5 dxe5 25.Nd5 Bxd5 26.exd5 Nce4 27.Ng5 Nd6 28.Rf1 Bg7 29.Ref2 h6 30.Ne4 Ndxe4
31.Bxe4 Qd6 32.Ba3 Qxa3 33.Rxf6 Bxf6 34.Rxf6 Kg7 35.Qxb6 Qc1+ 36.Kh2 Qg5
37.Rf3 a5 38.d6 Red8 39.Qa7 Rf8 40.Bd5 Kh8 41.Rxf7 Qd2+ 42.Kg3 Rxf7 43.Qxf7 Qe3+
44.Kg2 Qd2+ 45.Kg3 Qe1+ 46.Kh2 Qd2+ 47.Kg1 Qe3+ 48.Kg2 Qd2+  1/2-1/2

[Event "11th EICC Women"]
[Site "Rijeka CRO"]
[Date "2010.03.16"]
[Round "10"]
[White "Kazimova,N"]
[Black "Calzetta Ruiz,M"]
[Result "1-0"]
[WhiteElo "2212"]
[BlackElo "2296"]

1.Nf3 c5 2.c4 Nf6 3.Nc3 g6 4.d4 cxd4 5.Nxd4 Nc6 6.e4 d6 7.Be2 Nxd4 8.Qxd4 Bg7
9.Be3 O-O 10.Qd2 a5 11.a4 Be6 12.O-O Rc8 13.b3 Nd7 14.Rab1 Nc5 15.Bd4 Bxd4
16.Qxd4 Qb6 17.Qe3 Nd7 18.Qg5 Nf6 19.Qg3 Rc5 20.Kh1 Re5 21.Qd3 Rc5 22.f4 Bg4
23.Bxg4 Nxg4 24.Qe2 h5 25.h3 Nf6 26.e5 Ne8 27.Nd5 Qd8 28.f5 Rxd5 29.cxd5 dxe5
30.fxg6 fxg6 31.Rxf8+ Kxf8 32.Qxe5 Nf6 33.Rf1 Kg7 34.Re1 Kf8 35.Rd1 Qd6 36.Qxd6 exd6
37.Re1 Kf7 38.Re6  1-0

[Event "JNBS UWI Masters"]
[Site "Kingston JAM"]
[Date "2010.03.17"]
[Round "4"]
[White "Margvelashvili,G"]
[Black "Elliott,W"]
[Result "1-0"]
[WhiteElo "2519"]
[BlackElo "2264"]

1.Nf3 Nf6 2.c4 c5 3.Nc3 e6 4.g3 b6 5.Bg2 Bb7 6.O-O d6 7.d4 cxd4 8.Qxd4 a6
9.b3 Nbd7 10.Rd1 Qc7 11.e4 Be7 12.Ba3 Nc5 13.e5 dxe5 14.Qxe5 Rc8 15.Qxc7 Rxc7
16.Bc1 Ncd7 17.Bf4 Rc8 18.Rac1 Ba3 19.Rc2 b5 20.cxb5 Ne4 21.Nd4 Rxc3 22.bxa6 Bxa6
23.Bxe4 Rc5 24.Bc6 Bc8 25.Rxc5 Bxc5 26.Nb5 Ke7 27.Rc1 Bb6 28.a4 f6 29.Bd2 Ba6
30.Bb4+ Kd8 31.Rd1 Bc8 32.a5  1-0

[Event "Doeberl Cup"]
[Site "Canberra AUS"]
[Date "2010.04.02"]
[Round "3"]
[White "Hu,J"]
[Black "Zhao Zong Yuan"]
[Result "0-1"]
[WhiteElo "2163"]
[BlackElo "2580"]

1.c4 Nf6 2.Nc3 c5 3.Nf3 d5 4.cxd5 Nxd5 5.d4 Nxc3 6.bxc3 g6 7.Bf4 Bg7 8.Bxb8 Rxb8
9.Qa4+ Bd7 10.Qxa7 cxd4 11.cxd4 b5 12.Ne5 Bxe5 13.dxe5 Ra8 14.Qe3 Be6 15.Qd2 Qc7
16.f4 O-O 17.g3 Qc6 18.Rg1 Qb6 19.Rg2 Rfd8 20.Qb4 Qe3 21.Qb2 b4 22.Qc1 Qe4
23.Rf2 b3 24.e3 Qb4+ 25.Rd2 Rxa2 26.Rxa2 bxa2  0-1

[Event "Najdorf Centenary Open"]
[Site "Buenos Aires ARG"]
[Date "2010.04.03"]
[Round "2"]
[White "Sammartino,G"]
[Black "Elman,C"]
[Result "1/2-1/2"]
[WhiteElo "1975"]
[BlackElo "2158"]

1.Nf3 c5 2.c4 Nf6 3.Nc3 d5 4.cxd5 Nxd5 5.e4 Nxc3 6.dxc3 Qxd1+ 7.Kxd1 Nc6
8.Be3 e6 9.Kc2 Bd7 10.Rd1 f6 11.Be2 Be7 12.Rd2 O-O-O 13.Rhd1 Kc7 14.Bf4+ e5
15.Be3 Be6  1/2-1/2

[Event "21st Pobeskydi Distep Cup"]
[Site "Frydek-Mistek CZE"]
[Date "2010.04.03"]
[Round "6"]
[White "Straka,Jos"]
[Black "Khamitskiy,S"]
[Result "1/2-1/2"]
[WhiteElo "2246"]
[BlackElo "2333"]

1.c4 c5 2.Nf3 Nf6 3.Nc3 d5 4.cxd5 Nxd5 5.d4 Nxc3 6.bxc3 cxd4 7.cxd4 e5 8.dxe5 Qxd1+
9.Kxd1 Nc6 10.e3 Bg4 11.Bb5 O-O-O+ 12.Ke2 Bb4 13.h3 Bxf3+ 14.gxf3 Nxe5  1/2-1/2

[Event "Sydney Int Open"]
[Site "Parramatta AUS"]
[Date "2010.04.07"]
[Round "1"]
[White "Illingworth,M"]
[Black "Deen Cowell,N"]
[Result "1-0"]
[WhiteElo "2289"]
[BlackElo "1896"]

1.Nf3 c5 2.c4 Nf6 3.Nc3 d5 4.cxd5 Nxd5 5.g3 g6 6.Bg2 Bg7 7.O-O O-O 8.Nxd5 Qxd5
9.d3 Qd6 10.Nd2 Na6 11.Nc4 Qc7 12.Be3 Rb8 13.f4 b6 14.Qd2 f5 15.Rac1 Bb7
16.Bxb7 Qxb7 17.a3 Rbd8 18.b4 Qd5 19.Rc2 Rd7 20.Rfc1 Rfd8 21.bxc5 Nxc5 22.Qe1 Nb3
23.Rd1 Nd4 24.Bxd4 Bxd4+ 25.e3 Bf6 26.d4 Qe4 27.Rdc1 Rc7 28.Nd6 Qxc2 29.Rxc2 Rxc2
30.Qb1 Rc6 31.Qb3+ Kg7 32.Qf7+ Kh6 33.Ne8 Rdc8 34.Kg2 Rc2+ 35.Kh3 Rxe8 36.Qxe8 Rc3
37.Qf8+ Kh5 38.d5 Rd3 39.Qf7 Kh6 40.e4 fxe4 41.Kg4 e3 42.Qf8+ Bg7 43.Qxe7 Bc3
44.Kf3 e2+ 45.Kxe2 Rxd5 46.g4 g5 47.Qe6+  1-0

[Event "IV Open"]
[Site "La Laguna ESP"]
[Date "2010.04.09"]
[Round "6"]
[White "Herraiz Hidalgo,H"]
[Black "Bruzon Batista,L"]
[Result "0-1"]
[WhiteElo "2488"]
[BlackElo "2641"]

1.Nf3 c5 2.c4 Nf6 3.Nc3 b6 4.g3 Bb7 5.Bg2 g6 6.O-O Bg7 7.d4 Ne4 8.Nxe4 Bxe4
9.Be3 O-O 10.Qd2 d6 11.Bh6 Nd7 12.Bxg7 Kxg7 13.Rad1 Nf6 14.Rfe1 Qc7 15.d5 b5
16.Qc3 Qb7 17.Nd2 b4 18.Qb3 Bxg2 19.Kxg2 e5 20.e4 Nh5 21.Nf3 Qd7 22.Qe3 Rae8
23.a3 bxa3 24.b3 h6 25.Nh4 f5 26.exf5 g5 27.Qf3 Nf6 28.Ng6 Rf7 29.g4 Nxg4
30.Qxg4 Qxf5 31.Qxf5 Rxf5 32.Nxe5 Rfxe5 33.Rxe5 Rxe5 34.Ra1 Kf6 35.Rxa3 Re7
36.Kf3 Kf5 37.h3 Rb7 38.Ke3 h5 39.Kd2 h4 40.Kc3 g4 41.hxg4+ Kxg4 42.Ra6 h3
43.Rxd6 Rh7 44.Rg6+ Kf3 45.Rf6+ Kg2 46.Rg6+ Kf1 47.d6 h2 48.d7 Rxd7 49.Rh6 Kg2
50.Rg6+ Kxf2 51.Rh6 Kg2 52.Rg6+ Kh1 53.b4 cxb4+ 54.Kxb4 Rd1 55.Rg7 Rb1+ 56.Kc5 a5
57.Kc6 a4  0-1

[Event "9th Asian Continental"]
[Site "Olongapo City PHI"]
[Date "2010.04.24"]
[Round "4"]
[White "AlHuwar,J"]
[Black "Pascua,H"]
[Result "0-1"]
[WhiteElo "2308"]
[BlackElo "2358"]

1.Nf3 c5 2.c4 Nf6 3.Nc3 g6 4.g3 b6 5.Bg2 Bb7 6.O-O Bg7 7.b3 Ne4 8.Bb2 Nxc3
9.Bxc3 Bxc3 10.dxc3 d6 11.Qd2 Nd7 12.Rfe1 Nf6 13.Qf4 e5 14.Qh6 Qe7 15.a4 Kd8
16.e4 Kc7 17.Nh4 Ng4 18.Qd2 h5 19.a5 Bc6 20.f3 Nh6 21.axb6+ axb6 22.Rxa8 Bxa8
23.Bh3 Bb7 24.Ng2 g5 25.Ne3 Ra8 26.Bf1 Qf6 27.Be2 Ng8 28.Nd5+ Bxd5 29.cxd5 Ne7
30.Qb2 Qh8 31.Ra1 h4 32.Kg2 f5 33.Ra3 hxg3 34.hxg3 g4 35.fxg4 fxe4 36.Qa2 Rxa3
37.Qxa3 Kb8 38.Qa4 Qc8 39.Qxe4 Qg8 40.Bf3 Qg5 41.Qd3 Kb7 42.Qh7 Kc8 43.Be4 Qxg4
44.Bf3 Qg6 45.Qh3+ Kd8 46.Qh8+ Kd7 47.Kh3 Qg8 48.Qh4 Nxd5 49.Qe4 Nf6 50.Qc6+ Ke6
51.g4 e4 52.Be2 Ke5 53.c4 Qh7+ 54.Kg2 Qd7 55.Qxb6 Nxg4 56.Qa5 Ne3+ 57.Kf2 Qf5+
58.Ke1 Nc2+ 59.Kd1 Ne3+ 60.Kc1 Nc2 61.Kd1 Nd4 62.Qa8 Kf4 63.Qd8 Ke3 64.Qxd6 Qh3
65.Kc1 Kxe2  0-1

[Event "7th Balagne Open"]
[Site "Calvi FRA"]
[Date "2010.04.26"]
[Round "3"]
[White "Mirzoev,A"]
[Black "Debray,C"]
[Result "1-0"]
[WhiteElo "2565"]
[BlackElo "2357"]

1.Nf3 Nf6 2.c4 e6 3.Nc3 c5 4.g3 Nc6 5.Bg2 Be7 6.O-O O-O 7.d4 cxd4 8.Nxd4 a6
9.Bf4 Nxd4 10.Qxd4 d6 11.Qd3 Qc7 12.Rfd1 e5 13.Bg5 Be6 14.Bxf6 Bxf6 15.Qxd6 Qxd6
16.Rxd6 Bxc4 17.Bxb7 Rab8 18.Bd5 Bxd5 19.Nxd5 Rxb2 20.e3 a5 21.a4 Bd8 22.Rc1 Rb8
23.Rcc6 f6 24.h4 Rf7 25.h5 h6 26.Ra6 Rfb7 27.Kg2 Kf7 28.Kf3 Rc8 29.e4 Be7
30.Rdb6 Rxb6 31.Rxb6 Bf8 32.Ra6 Bb4 33.Ra7+ Kf8 34.Nc7 Ke7 35.Rb7 Bc5 36.Nd5+ Kf8
37.Kg4 Bxf2 38.Kf5 Bxg3 39.Kg6 Bf4 40.Rf7+ Ke8 41.Nc7+ Kd8 42.Ne6+ Ke8 43.Nxg7+ Kd8
44.Ne6+ Ke8 45.Kxf6 Bg5+ 46.Nxg5 hxg5 47.Rg7 Kf8 48.Rxg5 Rc4 49.Kxe5  1-0

[Event "ch-SRB"]
[Site "Kragujevac SRB"]
[Date "2010.04.29"]
[Round "11"]
[White "Damljanovic,B"]
[Black "Perunovic,Mil"]
[Result "1-0"]
[WhiteElo "2550"]
[BlackElo "2574"]

1.c4 Nf6 2.Nc3 c5 3.Nf3 e6 4.e4 Nc6 5.Be2 a6 6.d4 cxd4 7.Nxd4 Qc7 8.Be3 Bd6
9.c5 Bf4 10.Qd2 Bxe3 11.Qxe3 Ne7 12.Qg3 Qxg3 13.hxg3 b6 14.cxb6 Rb8 15.g4 e5
16.Nf5 Nxf5 17.exf5 d6 18.g5 Nd7 19.O-O-O Rxb6 20.Bf3 Nc5 21.Nd5 Rb8 22.Ne3 Ke7
23.Rh4 a5 24.Nd5+ Kf8 25.Ne3 Ba6 26.Rxd6 Ke7 27.Rc6 Nd3+ 28.Kd2 Rxb2+ 29.Kc3 Bb5
30.Nd5+ Kd7 31.Nb6+ Ke7 32.f6+  1-0

[Event "FSIMA May"]
[Site "Budapest HUN"]
[Date "2010.05.01"]
[Round "1"]
[White "Turzo,A"]
[Black "Parkanyi,A"]
[Result "1/2-1/2"]
[WhiteElo "2296"]
[BlackElo "2321"]

1.c4 c5 2.Nf3 Nf6 3.Nc3 g6 4.g3 Bg7 5.Bg2 O-O 6.O-O Nc6 7.d3 d6 8.a3 a5 9.Rb1 e5
10.Ne1 Be6 11.Nc2 Qd7 12.Ne3 Bh3 13.Ned5 Nxd5 14.Nxd5 Bxg2 15.Kxg2 Ne7 16.Nxe7+ Qxe7
17.b4 axb4 18.axb4 b6 19.bxc5 bxc5 20.Bd2 Qc7 21.Qc2 Rfb8 22.Rxb8+ Rxb8 23.Rb1  1/2-1/2

[Event "ch-UKR"]
[Site "Alushta UKR"]
[Date "2010.05.05"]
[Round "3"]
[White "Maslov,Val"]
[Black "Shtembuliak,E"]
[Result "0-1"]
[WhiteElo "2116"]
[BlackElo "2007"]

1.Nf3 Nf6 2.c4 c5 3.Nc3 g6 4.g3 Bg7 5.Bg2 O-O 6.d3 Nc6 7.Bg5 h6 8.Bd2 d6
9.Qc1 Kh7 10.Nh4 Be6 11.Rb1 Rc8 12.O-O d5 13.b3 d4 14.Nd1 Nd7 15.f4 f5 16.Nf2 Bf7
17.Nf3 Nf6 18.Bh3 Qd7 19.Ne4 b6 20.Nh4 e6 21.Nf2 Qe7 22.Qe1 Nd7 23.Rb2 Bg8
24.Nf3 e5 25.fxe5 Ndxe5 26.b4 Rce8 27.b5 Nxf3+ 28.exf3 Ne5 29.Bg2 Qf6 30.Qd1 Be6
31.a4 Qe7 32.a5 Bxc4 33.dxc4 Nxc4 34.Ra2 Ne3 35.Qc1 Nxf1 36.Bxf1 Qb7 37.Kg2 g5
38.Bd3 Kh8 39.axb6 axb6 40.Qd1 Qf7 41.Qc2 g4 42.f4 Qd5+ 43.Kg1 Ra8 44.Ra6 Qd7
45.Qb1 Rab8 46.Qa2 Qe7 47.Qd5 Rbd8 48.Qa2 Rd6 49.Ra7 Rd7 50.Ra8 Rdd8 51.Rxd8 Qxd8
52.Qc2 Qd7 53.Nd1 Ra8 54.Qb2 Qd5 55.Qc1 Qa2 56.Nf2 Ra4 57.Bxf5 c4 58.Qe1 Qa1
59.Bc1 Ra8 60.Nxg4 d3 61.Kg2 Qa2+ 62.Kh3 Qe2 63.Qh1 Rf8 64.Qd5 Qf1+ 65.Kh4 Qxc1
66.Qe6 Qc3 67.Qg6 Rxf5 68.Qxf5 Qd4 69.Qc8+ Kh7 70.Qf5+ Kg8 71.Qe6+ Kf8 72.Qc8+ Ke7
73.f5 d2 74.Qe6+ Kd8 75.Qg8+ Kc7 76.Qe6 d1=Q 77.Qc6+ Kb8 78.Qe8+ Qd8+  0-1

[Event "ch-CZE"]
[Site "Ostrava CZE"]
[Date "2010.05.05"]
[Round "5"]
[White "Kozak,Mi"]
[Black "Obsivac,J"]
[Result "1-0"]
[WhiteElo "2184"]
[BlackElo "2295"]

1.c4 c5 2.Nf3 Nf6 3.Nc3 e6 4.g3 b6 5.Bg2 Bb7 6.O-O Be7 7.d4 cxd4 8.Qxd4 d6
9.Rd1 a6 10.Bg5 Nbd7 11.Qd2 Rc8 12.b3 O-O 13.Bf4 Ne8 14.e4 Qc7 15.Rac1 Qb8
16.Nd4 Nef6 17.f3 Rfe8 18.Be3 Bf8 19.Kh1 Qa8 20.Bh3 Nc5 21.Re1 Rcd8 22.Bg5 Be7
23.Rcd1 Ncd7 24.Qf2 h6 25.Bc1 Bf8 26.Bb2 g5 27.Bg2 Bg7 28.f4 g4 29.Ba1 Nc5
30.Qc2 Rc8 31.b4 Ncd7 32.Qe2 Rc7 33.b5 a5 34.Nc6 h5 35.e5 dxe5 36.fxe5 Nh7
37.Ne4 Nhf8 38.Nd6 Nc5 39.Nxe8 Qxe8 40.Rd8 Bxc6 41.Rxe8 Bxe8 42.Rd1 Rc8 43.h3 gxh3
44.Bxh3 Ng6 45.Qxh5 Ne4 46.Qf3 Ng5 47.Qb7 Rxc4 48.Bg2 Kh7 49.Qxb6 Ne4 50.Bxe4 Rxe4
51.Qb8  1-0

[Event "ch-Commonwealth"]
[Site "Delhi IND"]
[Date "2010.05.11"]
[Round "3"]
[White "Harika,D"]
[Black "Prasenjit,Dat"]
[Result "1-0"]
[WhiteElo "2491"]
[BlackElo "2283"]

1.Nf3 Nf6 2.c4 c5 3.Nc3 e6 4.g3 b6 5.Bg2 Bb7 6.O-O Be7 7.Re1 O-O 8.e4 d6
9.d4 cxd4 10.Nxd4 Qc8 11.Be3 a6 12.Rc1 Nbd7 13.f4 Ra7 14.Bf2 Qa8 15.g4 g6
16.g5 Nh5 17.Qg4 Nc5 18.Rcd1 e5 19.Nf5 gxf5 20.Qxh5 Ne6 21.fxe5 dxe5 22.Nd5 Bxd5
23.cxd5 Nf4 24.Qh6 Rd7 25.exf5 f6 26.Be4 Qd8 27.g6 Bc5 28.Bxc5 bxc5 29.Kh1 hxg6
30.fxg6 f5 31.Bf3 Qf6 32.d6 Rc8 33.Bd5+ Nxd5 34.Rxd5 Re8 35.Qe3 Rxd6 36.Qxc5 Rxd5
37.Qxd5+ Qe6 38.Rxe5 Qxd5+ 39.Rxd5 Re1+ 40.Kg2 Re2+ 41.Kg3 Rxb2 42.h4 Kg7
43.h5 Rxa2 44.Rxf5 Ra3+ 45.Kg4 Kh6 46.Rf7 Ra4+ 47.Kf5 Ra5+ 48.Kf6 Kxh5 49.g7 Rg5
50.Rf8  1-0

[Event "TCh-UKR Clubs"]
[Site "Alushta UKR"]
[Date "2010.05.14"]
[Round "2"]
[White "Luzhinsky,V"]
[Black "Brusilovskiy,B"]
[Result "0-1"]
[WhiteElo "2372"]
[BlackElo "2097"]

1.Nf3 Nf6 2.c4 c5 3.Nc3 d5 4.cxd5 Nxd5 5.d4 Nxc3 6.bxc3 cxd4 7.cxd4 e5 8.dxe5 Qxd1+
9.Kxd1 Bc5 10.e3 O-O 11.Bd3 Nc6 12.Bb2 Be6 13.Rc1 Nb4 14.Bc4 b6 15.Bxe6 fxe6
16.Ke2 Nxa2 17.Rc4 Rfc8 18.Ra1 Nb4 19.Rac1 Na2 20.Ra1 Nb4 21.Rcc1 a5 22.Ng5 Rc6
23.Ne4 Rac8 24.f4 Nd5 25.Nxc5 Rxc5 26.Rxc5 Rxc5 27.Bd4 Rc7 28.Kf3 Rc6 29.Ke4 Nb4
30.f5 exf5+ 31.Kxf5 Kf7 32.Ke4 Ke6 33.Rf1 a4 34.Rf8 a3 35.Re8+ Kf7 36.Ra8 a2
37.Kf5 g6+ 38.Kg5 b5 39.h4 Ra6 40.Rb8 Ra5 41.Rb6 a1=Q 42.e6+ Ke8 43.Bxa1 Rxa1
44.Rxb5 Nc2 45.Kf6 Rf1+ 46.Ke5 Rf5+  0-1

[Event "TCh-UKR Clubs"]
[Site "Alushta UKR"]
[Date "2010.05.15"]
[Round "4"]
[White "Savchenko,S"]
[Black "Strelnikov,S"]
[Result "1/2-1/2"]
[WhiteElo "2553"]
[BlackElo "2409"]

1.Nf3 Nf6 2.c4 c5 3.Nc3 d5 4.cxd5 Nxd5 5.d4 Nxc3 6.bxc3 g6 7.Bf4 Qa5 8.Qd2 Bg7
9.Rc1 O-O 10.e3 b6 11.Be5 Nd7 12.Bxg7 Kxg7 13.Be2 Ba6 14.O-O Bxe2 15.Qxe2 Rac8
16.e4 cxd4 17.cxd4 Rc3 18.e5 e6 19.Rxc3 Qxc3 20.Qa6 Qc6 21.h4 h6 22.Qa3 Rc8
23.Re1 Rc7 24.Qe3 b5 25.h5 Nb6 26.hxg6 fxg6 27.Nd2 Nd5 28.Qb3 Qc3 29.Qxc3 Rxc3
30.Ne4 Rc2 31.a3 Ra2 32.Rb1 a6 33.Rb3 Ra1+  1/2-1/2

[Event "TCh-UKR Clubs"]
[Site "Alushta UKR"]
[Date "2010.05.16"]
[Round "5"]
[White "Strelnikov,S"]
[Black "Pavlov,S2"]
[Result "1/2-1/2"]
[WhiteElo "2409"]
[BlackElo "2508"]

1.Nf3 Nf6 2.c4 e6 3.Nc3 c5 4.g3 b6 5.Bg2 Bb7 6.O-O Be7 7.Re1 d5 8.cxd5 exd5
9.d4 O-O 10.Bf4 Na6 11.Rc1 Nc7 12.h3 Ne6 13.Be5 Ne4 14.dxc5 bxc5 15.Qb3 Nxc3
16.bxc3 Bc6 17.c4 dxc4 18.Qxc4 Qd5 19.Qc2 Rfd8 20.Red1 Qe4 21.Qxe4 Bxe4 22.Nd2 Bxg2
23.Kxg2  1/2-1/2

[Event "TCh-UKR Clubs"]
[Site "Alushta UKR"]
[Date "2010.05.17"]
[Round "7"]
[White "Kijajkin,P"]
[Black "Maratkanov,E"]
[Result "1-0"]
[WhiteElo "2120"]
[BlackElo "2188"]

1.c4 c5 2.Nf3 Nf6 3.Nc3 d5 4.cxd5 Nxd5 5.e4 Nb4 6.Bb5+ Bd7 7.a3 N4c6 8.O-O e6
9.d4 cxd4 10.Nxd4 Be7 11.Nf3 O-O 12.Bf4 a6 13.Be2 Bc8 14.Qc2 Nd4 15.Nxd4 Qxd4
16.Be3 Qd6 17.Rfd1 Qc7 18.Rac1 Bf6 19.Nd5 Qxc2 20.Nxf6+ gxf6 21.Rxc2 Nc6
22.Bb6 e5 23.Rd6 Be6 24.g3 Rac8 25.Rcd2 Rfe8 26.f4 exf4 27.gxf4 f5 28.Bf3 Ne7
29.e5 Rc1+ 30.Kf2 Nc6 31.Kg3 Rc8 32.Bd8 h6 33.Bf6 Na5 34.Kh4 Rg1 35.Rd8+ Kh7
36.Rxc8 Bxc8 37.Rd8 Rg8 38.Rd5 Nc6 39.b4 Be6 40.Rd6 Rc8 41.Bd5 Bxd5 42.Rxd5 Nb8
43.Kh5 Rc2 44.h4 Rc8 45.a4 b5 46.axb5 axb5 47.Rxb5 Nd7 48.Rb7 Nxf6+ 49.exf6 Rb8
50.Rxf7+ Kg8 51.Rg7+ Kh8 52.Kg6 Rxb4 53.Rh7+  1-0

[Event "Chladek & Tintera Open"]
[Site "Hradec Kralove CZE"]
[Date "2010.05.17"]
[Round "3"]
[White "Portych,V"]
[Black "Voelz,S"]
[Result "1/2-1/2"]
[WhiteElo "1801"]
[BlackElo "1996"]

1.c4 Nf6 2.Nc3 c5 3.Nf3 g6 4.g3 Bg7 5.Bg2 Nc6 6.d4 cxd4 7.Nxd4 Nxd4 8.Qxd4 O-O
9.O-O d6 10.Bg5 h6 11.Bxf6 Bxf6 12.Qd2 Qa5 13.Rfd1 Bxc3 14.bxc3 Kh7 15.Rab1 Rb8
16.h4 Be6 17.Bd5 Bxd5 18.cxd5 Rfc8 19.Rdc1 Rc4 20.Qe3  1/2-1/2

[Event "ch-Commonwealth"]
[Site "Delhi IND"]
[Date "2010.05.18"]
[Round "11"]
[White "Suvrajit,S"]
[Black "Hossain,Enam"]
[Result "0-1"]
[WhiteElo "2380"]
[BlackElo "2499"]

1.Nf3 Nf6 2.c4 c5 3.Nc3 e6 4.g3 b6 5.Bg2 Bb7 6.O-O Be7 7.d4 cxd4 8.Qxd4 d6
9.Rd1 a6 10.b3 Nbd7 11.Bb2 O-O 12.Ng5 Bxg2 13.Kxg2 Qc7 14.Nce4 h6 15.Nf3 Rfd8
16.Nxf6+ Bxf6 17.Qd2 Bxb2 18.Qxb2 Nf6 19.Rac1 Qb7 20.Qa3 Ne4 21.Kg1 b5 22.Qb4 Qa7
23.Qe1 b4 24.Nd4 Qb6 25.Kg2 Nc3 26.Rd2 d5 27.cxd5 Rxd5 28.Nf3 Rxd2 29.Qxd2 Rd8
30.Qb2 Nd1 31.Rxd1 Rxd1 32.Qc2 Rd5 33.Qc8+ Rd8 34.Qc4 Qb7 35.h4 a5 36.Qf4 Rc8
37.g4 Rc5 38.e4 Qc7 39.e5 Qc6 40.Kh2 Qd5 41.h5 Rc3 42.Nd2 Qd3 43.Kg1 Rc1+
44.Kh2 Re1 45.Nf3 Re2 46.Kg2 Qe4 47.Qg3 Rc2 48.g5 hxg5 49.Qxg5 Rc3 50.Qg3 Kf8
51.Qh3 Qf4  0-1

[Event "4th All China Games Rapid"]
[Site "Hefei CHN"]
[Date "2010.05.18"]
[Round "3"]
[White "Lou Yiping"]
[Black "Wang Zili"]
[Result "1-0"]
[WhiteElo "2433"]
[BlackElo "2492"]

1.Nf3 Nf6 2.c4 c5 3.Nc3 e6 4.d4 cxd4 5.Nxd4 a6 6.Bg5 Be7 7.e3 d6 8.Be2 Qc7
9.O-O b6 10.Bf3 Bb7 11.Bxf6 gxf6 12.Bxb7 Qxb7 13.Qh5 Qc8 14.Rac1 Nc6 15.Rfd1 Ra7
16.Ncb5 Rb7 17.Nxc6 Qxc6 18.Nd4 Qc8 19.b4 Rc7 20.b5 Rc5 21.Qg4 axb5 22.Nxb5 d5
23.Qg7 Rf8 24.Qxh7 dxc4 25.a4 Qc6 26.g3 f5 27.Qg7 e5 28.Qh7 Qf6 29.Qh3 Rh8
30.Qg2 Kf8 31.Rd7 f4 32.Qa8+ Kg7 33.Qf3 fxe3 34.Qxe3 Qe6 35.Rcd1 Rhc8 36.Nc3 R5c7
37.R7d2 Bb4 38.Qg5+ Kh7 39.Rd8 Bf8 40.Ne4  1-0

[Event "4th All China Games Rapid"]
[Site "Hefei CHN"]
[Date "2010.05.19"]
[Round "8"]
[White "Zhao Jun"]
[Black "Wang Zili"]
[Result "1-0"]
[WhiteElo "2574"]
[BlackElo "2492"]

1.Nf3 Nf6 2.c4 c5 3.Nc3 e6 4.d4 cxd4 5.Nxd4 a6 6.a3 d6 7.e4 Nbd7 8.Be2 Be7
9.O-O Qc7 10.Be3 b6 11.Rc1 Bb7 12.f3 Rc8 13.b4 Qb8 14.Qd2 O-O 15.Rfd1 Rfe8
16.Bf1 Ne5 17.Na4 Ned7 18.Nc3 Ne5 19.Na4 Ned7 20.Nb3 Ba8 21.Bf4 b5 22.Nb2 Ne5
23.Bxe5 dxe5 24.c5 Nh5 25.a4 f5 26.axb5 axb5 27.Qe2 Bg5 28.Ra1 fxe4 29.fxe4 Nf6
30.Re1 Bxe4 31.Qxb5 Bd5 32.Qxb8 Rxb8 33.Rxe5 Bf4 34.Rxd5 exd5 35.Nd3 Be3+
36.Kh1 Ne4 37.g3 Rf8 38.c6 Rf6 39.Na5 Bb6 40.Rc1 Bc7 41.Nb7 Rbf8 42.Kg2 g5
43.b5 h5 44.Re1 h4 45.Be2 hxg3 46.hxg3 Nc3 47.Bg4 Ra8 48.Re6 Ra2+ 49.Kh3 Rf1
50.Re8+ Kg7 51.Be6 Rh1+ 52.Kg4 Kf6 53.Nbc5 Ne4 54.Nd7+ Kg7 55.Rg8+ Kh7 56.Nf8+ Kh6
57.Rg6+  1-0

[Event "ch-USA"]
[Site "Saint Louis USA"]
[Date "2010.05.19"]
[Round "6"]
[White "Altounian,L"]
[Black "Hess,Ro"]
[Result "0-1"]
[WhiteElo "2454"]
[BlackElo "2590"]

1.Nf3 Nf6 2.c4 g6 3.Nc3 c5 4.d4 cxd4 5.Nxd4 Bg7 6.g3 O-O 7.Bg2 Nc6 8.O-O Nxd4
9.Qxd4 d6 10.b3 Qa5 11.Bb2 Be6 12.Rac1 Rab8 13.Rfd1 Rfc8 14.Qd2 a6 15.Na4 Qxd2
16.Rxd2 b5 17.cxb5 Rxc1+ 18.Bxc1 axb5 19.Nc3 Rc8 20.Bb2 Nd7 21.Nd5 Bxd5 22.Bxd5 Bxb2
23.Rxb2 Nf6 24.Bf3 e5 25.e3 Rc1+ 26.Kg2 b4 27.Rd2 e4 28.Be2 d5 29.g4 h6 30.h4 g5
31.hxg5 hxg5 32.Rd4 Rc2 33.Kf1 Rxa2 34.Rxb4 Ra1+ 35.Kg2 Re1 36.Ba6 Kf8 37.Bc8 Rb1
38.Rb6 Ke7 39.Rb7+ Kf8 40.Bf5 Ng8 41.b4 Ne7 42.b5 Nxf5 43.gxf5 Kg7 44.Rb6 Rb3
45.Kh2 Rb4 46.Kg3 d4 47.Kg4 d3 48.Rd6 f6 49.Kh5 Rxb5 50.Rd7+ Kf8 51.Kg6 Ke8
52.Rd4 Ke7 53.Rxe4+ Kd6 54.Ra4 d2 55.Ra1 Ke5 56.Rd1 Rd5 57.f3 Rd6 58.e4 Kf4
59.Kf7 Kxf3 60.Ke7  0-1